Catalog

Record Details

Catalog Search



The Lost Island : a Gideon Crew novel  Cover Image Book Book

The Lost Island : a Gideon Crew novel / Douglas Preston & Lincoln Child.

Preston, Douglas J., (author.). Child, Lincoln, (author.).

Summary:

After being tasked with stealing a page from a priceless, ancient book, brilliant scientist and master thief Gideon Crew discovers a hidden map on the back of the book's parchment.

Record details

  • ISBN: 9781455525799
  • ISBN: 1455525790
  • Physical Description: 401 pages ; 18 cm.
  • Edition: First mass market edition.
  • Publisher: New York : Grand Central Publishing, 2015.

Content descriptions

General Note:
Includes an excerpt from Blue labyrinth.
Subject: Islands > Fiction.
Book thefts > Fiction.
Dublin (Ireland) > Fiction.
Genre: Detective and mystery fiction.
Thrillers (Fiction)

Available copies

  • 1 of 1 copy available at scottsboropl.

Holds

  • 0 current holds with 1 total copy.
Show Only Available Copies
Location Call Number / Copy Notes Barcode Shelving Location Status Due Date
scottsboropl F Pre 32269001221624 Adult - Fiction Available -

LDR 02341cam a2200589Ii 4500
001158899
003SBPL
00520220804115945.0
008150326s2015 nyu 000 1 eng d
020 . ‡a9781455525799 ‡q(pbk.)
020 . ‡a1455525790 ‡q(pbk.)
035 . ‡a(OCoLC)905659085
05014. ‡aPS3566.R3982 ‡bL67 2015
08204. ‡a813/.54 ‡223
1001 . ‡aPreston, Douglas J., ‡eauthor.
24514. ‡aThe Lost Island : ‡ba Gideon Crew novel / ‡cDouglas Preston & Lincoln Child.
250 . ‡aFirst mass market edition.
264 1. ‡aNew York : ‡bGrand Central Publishing, ‡c2015.
300 . ‡a401 pages ; ‡c18 cm.
336 . ‡atext ‡btxt ‡2rdacontent
337 . ‡aunmediated ‡bn ‡2rdamedia
338 . ‡avolume ‡bnc ‡2rdacarrier
4901 . ‡aA Gideon Crew novel ; ‡v3
500 . ‡aIncludes an excerpt from Blue labyrinth.
520 . ‡aAfter being tasked with stealing a page from a priceless, ancient book, brilliant scientist and master thief Gideon Crew discovers a hidden map on the back of the book's parchment.
650 0. ‡aIslands ‡vFiction.
650 0. ‡aBook thefts ‡vFiction.
651 0. ‡aDublin (Ireland) ‡vFiction.
655 7. ‡aDetective and mystery fiction. ‡2lcgft
655 7. ‡aThrillers (Fiction) ‡2lcgft
7001 . ‡aChild, Lincoln, ‡eauthor.
8001 . ‡aPreston, Douglas J. ‡tGideon Crew novel ; ‡v3.
901 . ‡a158899 ‡b ‡c158899 ‡tbiblio

Additional Resources